[Event "Oberliga Ost-B 1718"]
[Site "Germany"]
[Date "2018.02.03"]
[Round "6.5"]
[White "Rolle, Eric"]
[Black "Schaack, Harry"]
[Result "1/2-1/2"]
[WhiteElo "2196"]
[BlackElo "2207"]
[PlyCount "24"]
[EventDate "2017.10.22"]
[EventType "team-tourn"]
[EventRounds "11"]
[EventCountry "GER"]
[SourceTitle "EXT 2019"]
[Source "ChessBase"]
[SourceDate "2018.10.10"]
[SourceVersion "1"]
[SourceVersionDate "2018.10.10"]
[SourceQuality "1"]
[WhiteTeam "Marburg"]
[BlackTeam "Schoeneck"]
[WhiteTeamCountry "GER"]
[BlackTeamCountry "GER"]

1. c4 Nf6 2. Nf3 g6 3. Nc3 Bg7 4. e4 d6 5. d4 0-0 6. Be2 e5 7. 0-0 Nc6 8. d5 Ne7 9. b4 a5 10. bxa5 Nd7 11. Nd2 Rxa5 12. Nb3 Ra8 1/2-1/2

[Event "Oberliga Ost-B 1718"]
[Site "Germany"]
[Date "2018.01.21"]
[Round "5.5"]
[White "Dovzik, Juri"]
[Black "Schaack, Harry"]
[Result "1/2-1/2"]
[WhiteElo "2304"]
[BlackElo "2207"]
[PlyCount "45"]
[EventDate "2017.10.22"]
[EventType "team-tourn"]
[EventRounds "11"]
[EventCountry "GER"]
[SourceTitle "EXT 2019"]
[Source "ChessBase"]
[SourceDate "2018.10.10"]
[SourceVersion "1"]
[SourceVersionDate "2018.10.10"]
[SourceQuality "1"]
[WhiteTeam "Kassel"]
[BlackTeam "Schoeneck"]
[WhiteTeamCountry "GER"]
[BlackTeamCountry "GER"]

1. d4 Nf6 2. Nf3 g6 3. c4 Bg7 4. g3 0-0 5. Bg2 Nc6 6. Nc3 a6 7. 0-0 Rb8 8. Bf4 d6 9. Rc1 Bf5 10. d5 e5 11. dxc6 exf4 12. cxb7 Rxb7 13. Nd4 Rxb2 14. Nxf5 gxf5 15. gxf4 Ne4 16. Nxe4 fxe4 17. Bxe4 Rxa2 18. Kh1 Qh4 19. Qd3 Ra5 20. Rg1 Qxf4 21. Bxh7+ Kh8 22. Qh3 Qh6 23. Bf5 1/2-1/2

[Event "Wiesbaden op 26th"]
[Site "Wiesbaden"]
[Date "2014.08.29"]
[Round "3"]
[White "Feicht, Arno"]
[Black "Schaack, Harry"]
[Result "0-1"]
[WhiteElo "2053"]
[BlackElo "2218"]
[PlyCount "60"]
[EventDate "2014.08.28"]
[EventType "swiss"]
[EventRounds "7"]
[EventCountry "GER"]
[SourceTitle "CBM 162 Extra"]
[Source "ChessBase"]
[SourceDate "2014.10.17"]
[SourceVersion "1"]
[SourceVersionDate "2014.10.17"]
[SourceQuality "1"]

1. d4 Nf6 2. Nc3 d5 3. Bg5 Nbd7 4. e3 c6 5. f4 Qa5 6. Qd2 b5 7. Bd3 b4 8. Nce2 Ne4 9. Bxe4 dxe4 10. Nh3 Nb6 11. Nf2 f5 12. 0-0 Ba6 13. Rfe1 e6 14. Nd1 Bd6 15. Nc1 Nd5 16. a3 Bc4 17. b3 Bb5 18. a4 Ba6 19. Na2 Rb8 20. Rb1 h6 21. Bh4 g5 22. Bg3 gxf4 23. Bxf4 Nxf4 24. exf4 Qc7 25. g3 h5 26. Kf2 h4 27. Rg1 hxg3+ 28. hxg3 Kf7 29. Nb2 c5 30. Rh1 cxd4 0-1

[Event "Karl Mala Memorial op-A 17th"]
[Site "Frankfurt"]
[Date "2014.08.02"]
[Round "5"]
[White "Schaack, Harry"]
[Black "Ovsejevitsch, Sergei"]
[Result "0-1"]
[WhiteElo "2218"]
[BlackElo "2569"]
[PlyCount "90"]
[EventDate "2014.07.31"]
[EventType "swiss"]
[EventRounds "7"]
[EventCountry "GER"]
[SourceTitle "EXT 2015"]
[Source "ChessBase"]
[SourceDate "2014.11.20"]
[SourceVersion "1"]
[SourceVersionDate "2014.11.20"]
[SourceQuality "1"]

1. e4 c5 2. Nf3 d6 3. d4 cxd4 4. Nxd4 Nf6 5. Nc3 Nc6 6. Be2 g6 7. 0-0 Bg7 8. Be3 0-0 9. Kh1 d5 10. exd5 Nxd5 11. Nxd5 Qxd5 12. Bf3 Qc4 13. Be2 Qb4 14. Nxc6 bxc6 15. Rb1 Be6 16. a3 Qh4 17. Qc1 h6 18. b3 Bd5 19. f3 Be5 20. f4 Bd6 21. Bf3 Qf6 22. c4 Bxf3 23. Rxf3 a5 24. Rf1 Qf5 25. c5 Bc7 26. Qc4 Rfd8 27. Rbd1 e6 28. Bc1 Rd5 29. Rxd5 exd5 30. Qe2 Qe4 31. Qg4 Rd8 32. Qh4 Re8 33. Qxh6 Qd3 34. Rg1 Re2 35. Qh4 Kg7 36. h3 Qxb3 37. Qg4 Re6 38. Qh4 Qc2 39. Rf1 Re2 40. Rg1 Qe4 41. Qg4 Bd8 42. Qd7 Bf6 43. f5 Qxf5 44. Qxc6 Be5 45. Rd1 Qf2 0-1

[Event "Karl Mala Memorial op-A 17th"]
[Site "Frankfurt"]
[Date "2014.08.01"]
[Round "3"]
[White "Schaack, Harry"]
[Black "Malek, Daniel"]
[Result "1/2-1/2"]
[WhiteElo "2218"]
[BlackElo "2391"]
[PlyCount "60"]
[EventDate "2014.07.31"]
[EventType "swiss"]
[EventRounds "7"]
[EventCountry "GER"]
[SourceTitle "EXT 2015"]
[Source "ChessBase"]
[SourceDate "2014.11.20"]
[SourceVersion "1"]
[SourceVersionDate "2014.11.20"]
[SourceQuality "1"]

1. e4 e5 2. f4 exf4 3. Nf3 g5 4. Nc3 Bg7 5. d4 d6 6. g3 g4 7. Nh4 f3 8. Be3 Nc6 9. Qd2 Nge7 10. h3 h5 11. 0-0-0 a6 12. Kb1 Ng6 13. Nxg6 fxg6 14. Nd5 Be6 15. Bg5 Qd7 16. Nf6+ Bxf6 17. Bxf6 Rf8 18. Bg5 Ne7 19. d5 Bf7 20. hxg4 hxg4 21. Qd4 c5 22. dxc6 Nxc6 23. Qb6 Rc8 24. e5 d5 25. Bd3 Ne7 26. e6 Bxe6 27. Rh7 Rf7 28. Rh8+ Rf8 29. Rh7 Rf7 30. Rh8+ Rf8 1/2-1/2

[Event "Basel op"]
[Site "Basel"]
[Date "2014.01.02"]
[Round "2"]
[White "Brunner, Nicolas"]
[Black "Schaack, Harry"]
[Result "1-0"]
[WhiteElo "2451"]
[BlackElo "2211"]
[PlyCount "83"]
[EventDate "2014.01.01"]
[EventType "swiss"]
[EventRounds "7"]
[EventCountry "SUI"]
[SourceTitle "CBM 158 Extra"]
[Source "ChessBase"]
[SourceDate "2014.02.28"]
[SourceVersion "1"]
[SourceVersionDate "2014.02.28"]
[SourceQuality "1"]

1. d4 Nf6 2. c4 c5 3. d5 b5 4. cxb5 a6 5. bxa6 g6 6. Nc3 Bxa6 7. Nf3 d6 8. g3 Bg7 9. Bg2 0-0 10. 0-0 Nbd7 11. Rb1 Qa5 12. Bd2 Bb7 13. Ne1 Nb6 14. Nc2 Qa7 15. Ne3 Rfd8 16. b3 e6 17. dxe6 fxe6 18. a4 Bxg2 19. Nxg2 Qd7 20. e4 d5 21. exd5 exd5 22. Qf3 c4 23. Be3 d4 24. Rfd1 Ng4 25. bxc4 Nxc4 26. Qe2 Qc8 27. Nb5 Rxa4 28. Bxd4 Bxd4 29. Nxd4 Nce5 30. Nf3 Re8 31. Nxe5 Nxe5 32. Rb5 Qc3 33. Kh1 Ra1 34. Rbb1 Rxb1 35. Rxb1 Rc8 36. Re1 Nd3 37. Rd1 Nb2 38. Qe6+ Kh8 39. Rd7 Nd3 40. Rxd3 Qa1+ 41. Ne1 Qa8+ 42. Qd5 1-0

[Event "Basel op"]
[Site "Basel"]
[Date "2014.01.02"]
[Round "3"]
[White "Schaack, Harry"]
[Black "Kamber, Adrian"]
[Result "1-0"]
[WhiteElo "2211"]
[BlackElo "1997"]
[PlyCount "41"]
[EventDate "2014.01.01"]
[EventType "swiss"]
[EventRounds "7"]
[EventCountry "SUI"]
[SourceTitle "CBM 158 Extra"]
[Source "ChessBase"]
[SourceDate "2014.02.28"]
[SourceVersion "1"]
[SourceVersionDate "2014.02.28"]
[SourceQuality "1"]

1. e4 c5 2. Nf3 a6 3. c4 Nc6 4. d4 cxd4 5. Nxd4 Qb6 6. Nb3 e6 7. Be3 Qc7 8. Be2 Nf6 9. N1d2 Bb4 10. 0-0 Na5 11. f4 Nxb3 12. Nxb3 Nxe4 13. Qd4 Nf6 14. c5 Nd5 15. Qxg7 Nxe3 16. Qxh8+ Ke7 17. f5 Bxc5 18. f6+ Kd6 19. Qf8+ Kd5 20. Bf3+ Kc4 21. Rac1+ 1-0

[Event "Frankfurt-ch"]
[Site "Frankfurt"]
[Date "2011.06.06"]
[Round "6"]
[White "Schaack, Harry"]
[Black "Stock, Juergen"]
[Result "1-0"]
[WhiteElo "2211"]
[BlackElo "1948"]
[PlyCount "45"]
[EventDate "2011.05.02"]
[EventType "swiss"]
[EventRounds "7"]
[EventCountry "GER"]
[SourceTitle "EXT 2012"]
[Source "ChessBase"]
[SourceDate "2011.11.24"]
[SourceVersion "1"]
[SourceVersionDate "2011.11.24"]
[SourceQuality "1"]

1. e4 e6 2. d4 d5 3. e5 c5 4. c3 Qb6 5. Nf3 Bd7 6. a3 cxd4 7. cxd4 Bb5 8. Bxb5+ Qxb5 9. Nc3 Qc4 10. Be3 Nc6 11. Rc1 Nge7 12. Ne4 Qa6 13. Nd6+ Kd7 14. Nxf7 Rg8 15. N7g5 h6 16. Nh3 g5 17. Nhg1 Nf5 18. Ne2 g4 19. Nd2 Be7 20. 0-0 Raf8 21. Nb3 Nxe3 22. fxe3 Rf3 23. gxf3 1-0

[Event "Hessen-ch 62nd"]
[Site "Hanau"]
[Date "2008.03.16"]
[Round "2"]
[White "Armbrust, Florian"]
[Black "Schaack, Harry"]
[Result "1-0"]
[WhiteElo "2294"]
[BlackElo "2269"]
[PlyCount "125"]
[EventDate "2008.03.15"]
[EventType "swiss"]
[EventRounds "9"]
[EventCountry "GER"]
[SourceTitle "CBM 123 Extra"]
[Source "ChessBase"]
[SourceDate "2008.05.06"]
[SourceVersion "1"]
[SourceVersionDate "2008.05.06"]
[SourceQuality "1"]

1. e4 c6 2. d4 d5 3. exd5 cxd5 4. c4 Nf6 5. Nc3 g6 6. Qb3 Bg7 7. cxd5 0-0 8. Nge2 Na6 9. g3 b5 10. a3 Rb8 11. Bf4 Rb6 12. Bg2 Bb7 13. 0-0 Nc7 14. d6 Bxg2 15. dxe7 Qxe7 16. Kxg2 Ne6 17. Be5 Qb7+ 18. f3 Ng4 19. Bxg7 Kxg7 20. Ne4 f5 21. Nc5 Nxc5 22. dxc5 Re8 23. Nf4 Ne3+ 24. Kf2 g5 25. Qc3+ Kh6 26. Ng2 Nd5 27. Qd4 Rbe6 28. Rae1 b4 29. Rxe6+ Rxe6 30. Rd1 Nf6 31. axb4 a5 32. Re1 Ra6 33. bxa5 g4 34. Nh4 gxf3 35. Qe3+ Kh5 36. Qxf3+ Ng4+ 37. Kg2 Qxf3+ 38. Nxf3 Rxa5 39. h3 Nf6 40. Rc1 Rb5 41. Rc2 Nd5 42. Kf2 Nb4 43. Nd4 Ra5 44. Rc3 Nd5 45. Rc4 Ra2 46. Nxf5 Rxb2+ 47. Kf3 Kg5 48. Nd4 Kf6 49. Ke4 Nc7 50. Rc2 Rb1 51. Rf2+ Ke7 52. Ke5 Rc1 53. c6 Rc5+ 54. Ke4 Rc4 55. Rf5 Ne6 56. Re5 Rxd4+ 57. Kf5 Rd6 58. c7 Kd7 59. Rxe6 Rd3 60. Re7+ Kc8 61. Kg4 Rd4+ 62. Kh5 Rd5+ 63. Kh6 1-0

[Event "BL2-Ost 0607"]
[Site "Germany"]
[Date "2006.10.29"]
[Round "2.7"]
[White "Gempe, Thomas"]
[Black "Schaack, Harry"]
[Result "1-0"]
[WhiteElo "2270"]
[BlackElo "2275"]
[PlyCount "81"]
[EventDate "2006.10.15"]
[EventType "team-tourn"]
[EventRounds "9"]
[EventCountry "GER"]
[SourceTitle "EXT 2008"]
[Source "ChessBase"]
[SourceDate "2007.11.25"]
[SourceVersion "1"]
[SourceVersionDate "2007.11.25"]
[SourceQuality "1"]
[WhiteTeam "Leipzig Lok"]
[BlackTeam "Schoeneck"]
[WhiteTeamCountry "GER"]
[BlackTeamCountry "GER"]

1. e4 c6 2. d4 d5 3. exd5 cxd5 4. Bd3 Nc6 5. c3 Nf6 6. Bf4 g6 7. Nd2 Bg7 8. Ngf3 Bf5 9. Bxf5 gxf5 10. Qb3 Qd7 11. Ne5 Nxe5 12. Bxe5 0-0 13. 0-0 Kh8 14. Rfe1 Rg8 15. a4 Rac8 16. Bxf6 Bxf6 17. Nf3 f4 18. Kh1 Rxg2 19. Kxg2 Qg4+ 20. Kf1 Qxf3 21. Qd1 Qh3+ 22. Ke2 f3+ 23. Kd2 Qf5 24. Qc2 Qf4+ 25. Kd1 Rg8 26. Qd2 Qf5 27. Qc2 Qh5 28. Qd3 Rg2 29. Rf1 Rxh2 30. b4 Qg4 31. Kc2 h5 32. Kb3 a6 33. Rae1 e6 34. Re3 Rh3 35. a5 Bg5 36. Ree1 Rh2 37. b5 axb5 38. Qxb5 Qh4 39. Qxb7 Rxf2 40. Qxf7 Qh2 41. Rxf2 1-0

[Event "Mainz Ordix op 13th"]
[Site "Mainz"]
[Date "2006.08.19"]
[Round "2"]
[White "Schaack, Harry"]
[Black "Volokitin, Andrei"]
[Result "0-1"]
[WhiteElo "2269"]
[BlackElo "2662"]
[PlyCount "90"]
[EventDate "2006.08.19"]
[EventType "swiss (rapid)"]
[EventRounds "11"]
[EventCountry "GER"]
[SourceTitle "CBM 113 Extra"]
[Source "ChessBase"]
[SourceDate "2006.09.14"]
[SourceVersion "1"]
[SourceVersionDate "2006.09.14"]
[SourceQuality "1"]

1. e4 c5 2. Nf3 e6 3. d4 cxd4 4. Nxd4 Nc6 5. Be2 Nf6 6. Nc3 Bb4 7. 0-0 Bxc3 8. bxc3 Nxe4 9. Bf3 d5 10. Bxe4 dxe4 11. Ba3 Nxd4 12. cxd4 Qa5 13. Bd6 Qd5 14. Ba3 b5 15. Qd2 a5 16. Bc5 f6 17. Qe2 Bd7 18. Rfe1 Kf7 19. Qxe4 Qxe4 20. Rxe4 Bc6 21. Re3 Rhc8 22. a3 Bd5 23. f4 Rc6 24. c3 Rac8 25. Kf2 h5 26. Rb1 Bc4 27. Rh3 Rh8 28. g4 Rcc8 29. gxh5 a4 30. Re1 Rce8 31. Bb4 Rh6 32. Bc5 Reh8 33. f5 Rxh5 34. fxe6+ Bxe6 35. Rxh5 Rxh5 36. Kg2 Bd5+ 37. Kg3 Rg5+ 38. Kf4 Rg2 39. h4 Kg6 40. Bb4 Kh5 41. Re8 Rf2+ 42. Kg3 Rf3+ 43. Kh2 Kxh4 44. Rh8+ Kg4 45. Rb8 Rf1 0-1

[Event "Hessenliga 0506"]
[Site "Germany"]
[Date "2006.03.19"]
[Round "10.2"]
[White "Mueller, Michael"]
[Black "Schaack, Harry"]
[Result "0-1"]
[WhiteElo "2234"]
[BlackElo "2260"]
[PlyCount "136"]
[EventDate "2005.09.11"]
[EventType "team"]
[EventRounds "11"]
[EventCountry "GER"]
[SourceTitle "EXT 2007"]
[Source "ChessBase"]
[SourceDate "2006.11.23"]
[SourceVersion "1"]
[SourceVersionDate "2006.11.23"]
[SourceQuality "1"]
[WhiteTeam "Biebertal"]
[BlackTeam "Schoeneck II"]
[WhiteTeamCountry "GER"]
[BlackTeamCountry "GER"]

1. d4 Nf6 2. Nf3 g6 3. g3 Bg7 4. Bg2 0-0 5. 0-0 a6 6. c4 Nc6 7. Nc3 Rb8 8. e4 d6 9. h3 Nd7 10. Be3 Na5 11. b3 c5 12. Rc1 Nc6 13. d5 Na5 14. Nd2 b5 15. Qe2 bxc4 16. Nxc4 Nxc4 17. Qxc4 a5 18. Na4 Nb6 19. Nxb6 Rxb6 20. Rfd1 Bd7 21. Rb1 Qa8 22. Bf1 Rfb8 23. Bd2 a4 24. Qc2 axb3 25. axb3 Qb7 26. Bc4 Ba4 27. Ba5 Bxb3 28. Qc1 Rb4 29. Bxb4 Bxd1 30. Qxd1 cxb4 31. Qd3 Qb6 32. Kg2 Qc5 33. Bb3 Bd4 34. Qe2 Rc8 35. Rd1 Bc3 36. Rc1 Ra8 37. Rc2 Ra1 38. Ra2 Re1 39. Qf3 Qd4 40. Ra8+ Kg7 41. Bc2 Rc1 42. Qe2 Qc5 43. Ba4 Ra1 44. Ra6 Be1 45. Bb5 Rxa6 46. Bxa6 Qc3 47. Bd3 b3 48. Bb1 h5 49. Bd3 Qc1 50. e5 Bc3 51. exd6 exd6 52. g4 hxg4 53. hxg4 Be5 54. Qe3 Qd1 55. Qe4 Qd2 56. Qe2 Qf4 57. Qe4 Qh2+ 58. Kf1 Bc3 59. Qg2 Qh6 60. Qe4 Qd2 61. Kg2 Be5 62. Qc4 b2 63. Qe4 Qc1 64. Bb1 Kf6 65. Bc2 Kg5 66. Bd3 Qf4 67. f3 Qd2+ 68. Kf1 Bd4 0-1

[Event "BL2-Ost 0506"]
[Site "Germany"]
[Date "2006.02.19"]
[Round "7.7"]
[White "Schaack, Harry"]
[Black "Cedikova, Katerina"]
[Result "1-0"]
[WhiteElo "2260"]
[BlackElo "2245"]
[PlyCount "135"]
[EventDate "2005.10.23"]
[EventType "team-tourn"]
[EventRounds "9"]
[EventCountry "GER"]
[SourceTitle "EXT 2007"]
[Source "ChessBase"]
[SourceDate "2006.11.23"]
[SourceVersion "1"]
[SourceVersionDate "2006.11.23"]
[SourceQuality "1"]
[WhiteTeam "Schoeneck"]
[BlackTeam "Koetzting"]
[WhiteTeamCountry "GER"]
[BlackTeamCountry "GER"]

1. e4 c5 2. Nf3 d6 3. d4 cxd4 4. Nxd4 Nf6 5. Nc3 g6 6. Be3 Bg7 7. f3 0-0 8. Qd2 Nc6 9. 0-0-0 Nxd4 10. Bxd4 Be6 11. Kb1 Rc8 12. g4 Re8 13. Bb5 Rf8 14. Be2 b5 15. g5 b4 16. Nb5 Nh5 17. f4 Qa5 18. a3 a6 19. Bxg7 Nxg7 20. Nd4 Bc4 21. Bg4 Rc7 22. Qxb4 Qxb4 23. axb4 Rb8 24. c3 Ne8 25. Rhe1 e6 26. Be2 Bxe2 27. Rxe2 Kg7 28. Nb3 Rb5 29. h4 h5 30. Nd4 Rb8 31. f5 gxf5 32. exf5 e5 33. Nf3 Rc4 34. f6+ Kh7 35. Rh2 Rf4 36. Ne1 Kg6 37. Nc2 Rb6 38. Ne3 Nc7 39. Kc2 Rc6 40. Kb3 Re4 41. Rh3 Rf4 42. Rd2 Re4 43. Rf2 Rf4 44. Re2 d5 45. Ng2 Rf5 46. Rd3 Re6 47. Ne3 Rf3 48. Kc2 Rh3 49. c4 e4 50. Rd4 dxc4 51. Rxc4 Nb5 52. Ng2 Rf3 53. Kb1 Kf5 54. Rc5+ Kg4 55. Rc4 Kf5 56. Ne3+ Kf4 57. Nd5+ Ke5 58. Nc7 Nxc7 59. Rxc7 Rh3 60. Rxf7 Rxh4 61. Rg7 Rf4 62. f7 h4 63. g6 Ref6 64. Rg8 h3 65. g7 Rf1+ 66. Ka2 h2 67. Rxh2 Rxf7 68. Re8+ 1-0

[Event "Oberliga Ost-B 0405"]
[Site "Germany"]
[Date "2005.04.10"]
[Round "11.5"]
[White "Schaack, Harry"]
[Black "Nimsch, Helmut"]
[Result "0-1"]
[WhiteElo "2294"]
[BlackElo "2118"]
[PlyCount "66"]
[EventDate "2004.10.10"]
[EventType "team-tourn"]
[EventRounds "11"]
[EventCountry "GER"]
[SourceTitle "EXT 2006"]
[Source "ChessBase"]
[SourceDate "2005.11.24"]
[SourceVersion "1"]
[SourceVersionDate "2005.11.24"]
[SourceQuality "1"]
[WhiteTeam "Schoeneck"]
[BlackTeam "Frankfurt FTG"]
[WhiteTeamCountry "GER"]
[BlackTeamCountry "GER"]

1. e4 c5 2. Nf3 Nc6 3. d4 cxd4 4. Nxd4 e6 5. Be2 d5 6. exd5 exd5 7. 0-0 Be7 8. Bf4 Nf6 9. Nb5 0-0 10. Nc7 Rb8 11. Bf3 g5 12. Bg3 Ne4 13. Nxd5 Nxg3 14. hxg3 Be6 15. Nbc3 Bf6 16. Nxf6+ Qxf6 17. Bxc6 bxc6 18. Qc1 h6 19. Na4 Rb4 20. b3 Re4 21. c4 Rd8 22. Rd1 Bf5 23. Qc3 Red4 24. Rxd4 Rxd4 25. Re1 h5 26. Qa5 h4 27. Qxa7 Be4 28. gxh4 Bxg2 29. Kxg2 Rg4+ 30. Kf1 Qf3 31. Re8+ Kg7 32. Qd7 Rxh4 33. Rg8+ Kxg8 0-1

[Event "Oberliga Ost-B 0405"]
[Site "Germany"]
[Date "2005.01.15"]
[Round "6.6"]
[White "Schaack, Harry"]
[Black "Umpfenbach, Caroline"]
[Result "1-0"]
[WhiteElo "2294"]
[BlackElo "2137"]
[PlyCount "67"]
[EventDate "2004.10.10"]
[EventType "team-tourn"]
[EventRounds "11"]
[EventCountry "GER"]
[SourceTitle "EXT 2006"]
[Source "ChessBase"]
[SourceDate "2005.11.24"]
[SourceVersion "1"]
[SourceVersionDate "2005.11.24"]
[SourceQuality "1"]
[WhiteTeam "Schoeneck"]
[BlackTeam "Erfurt SK II"]
[WhiteTeamCountry "GER"]
[BlackTeamCountry "GER"]

1. e4 e6 2. d4 d5 3. e5 c5 4. c3 Nc6 5. Nf3 Bd7 6. a3 a5 7. b3 Qc7 8. Be3 cxd4 9. cxd4 Na7 10. Bd3 Ne7 11. 0-0 Nec6 12. Nbd2 Be7 13. Qc2 Rc8 14. Rfc1 h6 15. Nf1 Qb6 16. Qe2 Nd8 17. Rxc8 Bxc8 18. N3d2 Qc7 19. Ra2 Bd7 20. Rc2 Bc6 21. Qg4 Bf8 22. Ng3 g6 23. a4 Qe7 24. f4 Nc8 25. Ne2 Bg7 26. Rc5 b6 27. Rc2 0-0 28. Qh3 Na7 29. g4 f5 30. exf6 Qxf6 31. Nf3 Qe7 32. Bxg6 b5 33. g5 hxg5 34. Qh7# 1-0

[Event "Oberliga Ost-B 0405"]
[Site "Germany"]
[Date "2004.12.12"]
[Round "5.7"]
[White "Bravo Lutz, Sebastian"]
[Black "Schaack, Harry"]
[Result "1/2-1/2"]
[WhiteElo "2162"]
[BlackElo "2294"]
[PlyCount "67"]
[EventDate "2004.10.10"]
[EventType "team-tourn"]
[EventRounds "11"]
[EventCountry "GER"]
[SourceTitle "EXT 2006"]
[Source "ChessBase"]
[SourceDate "2005.11.24"]
[SourceVersion "1"]
[SourceVersionDate "2005.11.24"]
[SourceQuality "1"]
[WhiteTeam "Hungen Lich"]
[BlackTeam "Schoeneck"]
[WhiteTeamCountry "GER"]
[BlackTeamCountry "GER"]

1. e4 c6 2. d3 e5 3. Nf3 Nf6 4. g3 g6 5. Bg2 Bg7 6. 0-0 d6 7. c3 0-0 8. a3 Re8 9. b4 Nbd7 10. Nbd2 Nf8 11. Qc2 h6 12. Bb2 Bg4 13. h3 Bd7 14. Rfe1 g5 15. h4 N6h7 16. hxg5 hxg5 17. Nc4 Be6 18. Ne3 Qd7 19. d4 Ng6 20. Rad1 g4 21. Nh2 exd4 22. cxd4 d5 23. e5 Bh6 24. Qe2 f5 25. f4 gxf3 26. Qxf3 Ng5 27. Qh5 Qh7 28. Kh1 Ne4 29. Bxe4 fxe4 30. Bc1 Bxe3 31. Qxh7+ Kxh7 32. Bxe3 Rf8 33. Kg2 a5 34. Bd2 1/2-1/2

[Event "Oberliga Ost-B 0405"]
[Site "Germany"]
[Date "2004.11.14"]
[Round "3.7"]
[White "Schaack, Harry"]
[Black "Gmeiner, Peter"]
[Result "1/2-1/2"]
[WhiteElo "2294"]
[BlackElo "2211"]
[PlyCount "58"]
[EventDate "2004.10.10"]
[EventType "team-tourn"]
[EventRounds "11"]
[EventCountry "GER"]
[SourceTitle "EXT 2006"]
[Source "ChessBase"]
[SourceDate "2005.11.24"]
[SourceVersion "1"]
[SourceVersionDate "2005.11.24"]
[SourceQuality "1"]
[WhiteTeam "Schoeneck"]
[BlackTeam "Offenbach"]
[WhiteTeamCountry "GER"]
[BlackTeamCountry "GER"]

1. e4 c5 2. Nf3 g6 3. d4 Bg7 4. dxc5 Qa5+ 5. c3 Qxc5 6. Be3 Qc7 7. h3 d6 8. Bd3 Nf6 9. 0-0 Nbd7 10. Re1 0-0 11. Nbd2 Nc5 12. Bc2 b5 13. e5 dxe5 14. Bxc5 Qxc5 15. Rxe5 Qb6 16. Nd4 a6 17. Rxe7 Bb7 18. N2f3 Rad8 19. a3 Nd5 20. Re1 Nf4 21. Be4 Bc8 22. Qd2 Bh6 23. Qc2 Qc5 24. Ne2 f5 25. Ba8 Nd3 26. Rf1 Qa7 27. Nfd4 Nxf2 28. Bf3 Ne4 29. Bxe4 fxe4 1/2-1/2

[Event "Oberliga Ost-B 0405"]
[Site "Germany"]
[Date "2004.10.10"]
[Round "1.5"]
[White "Schaack, Harry"]
[Black "Schmidt, Wolfgang3333"]
[Result "1/2-1/2"]
[WhiteElo "2294"]
[BlackElo "2320"]
[PlyCount "39"]
[EventDate "2004.10.10"]
[EventType "team-tourn"]
[EventRounds "11"]
[EventCountry "GER"]
[SourceTitle "EXT 2006"]
[Source "ChessBase"]
[SourceDate "2005.11.24"]
[SourceVersion "1"]
[SourceVersionDate "2005.11.24"]
[SourceQuality "1"]
[WhiteTeam "Schoeneck"]
[BlackTeam "Wiesbaden"]
[WhiteTeamCountry "GER"]
[BlackTeamCountry "GER"]

1. e4 e6 2. d4 d5 3. e5 c5 4. c3 Qb6 5. Nf3 Bd7 6. a3 cxd4 7. cxd4 Bb5 8. Bxb5+ Qxb5 9. b4 a5 10. Nc3 Qc6 11. Bd2 axb4 12. axb4 Rxa1 13. Qxa1 Qa6 14. Qxa6 bxa6 15. b5 Ne7 16. Ke2 axb5 17. Nxb5 Nec6 18. Rc1 Be7 19. Ne1 Kd7 20. Nd3 1/2-1/2

[Event "Oberliga Ost-B 0102"]
[Site "Germany"]
[Date "2002.04.13"]
[Round "10.5"]
[White "Weil, Volker"]
[Black "Schaack, Harry"]
[Result "1/2-1/2"]
[WhiteElo "2234"]
[BlackElo "2276"]
[PlyCount "32"]
[EventDate "2001.10.07"]
[EventType "team"]
[EventRounds "11"]
[EventCountry "GER"]
[SourceTitle "EXT 2003"]
[Source "ChessBase"]
[SourceDate "2002.11.25"]
[SourceVersion "1"]
[SourceVersionDate "2002.11.25"]
[SourceQuality "1"]
[WhiteTeam "Steinbach"]
[BlackTeam "Schoeneck"]
[WhiteTeamCountry "GER"]
[BlackTeamCountry "GER"]

1. d4 Nf6 2. Bg5 g6 3. Bxf6 exf6 4. e3 Bg7 5. Ne2 0-0 6. Nf4 d6 7. Bd3 c5 8. c3 Nc6 9. 0-0 b6 10. a4 Bb7 11. Nd2 f5 12. Nb3 Bh6 13. Bc4 Qh4 14. g3 Qe7 15. Bd5 cxd4 16. cxd4 Nb4 1/2-1/2